000
00374nam a22001577a 4500
003
MPLRDC
005
20220104143057.0
008
210129b ||||| |||| 00| 0 eng d
082
_a
857.7 HXQ v.2 c.3
100
_a
洪小乔著
245
_a
我租了一个女人
_c
260
_a
_b
金鞍出版社
_c
1987
300
_b
平
650
_a
942
_c
BK
_o
857.7 HXQ v.2 c.3
999
_c
36393
_d
36383